Monetary Survey

Guardado en:
Detalles Bibliográficos
Formato: Seriadas
Lenguaje:inglés
Publicado: Bratislava Národná banka Slovenska 2001
Materias:
Etiquetas: Agregar Etiqueta
Sin Etiquetas, Sea el primero en etiquetar este registro!

MARC

LEADER 00000nas2a22000001 4500
001 0007029
005 20160720112008.5
041 0 |a eng 
044 |a SK 
245 1 0 |a Monetary Survey 
264 1 |a Bratislava  |b Národná banka Slovenska  |c 2001 
300 |a 2 zv. 
773 0 |w eu_un_cat*s120539 
610 2 0 |a banky 
610 2 0 |a mena 
610 2 0 |a Slovensko 
610 2 0 |a NBS Bratislava